<?xml version="1.0" encoding="UTF-8"?>
<collection xmlns="http://www.loc.gov/MARC21/slim">
 <record>
  <leader>00834nam a22001935a 4500</leader>
  <controlfield tag="001">MAT.inmabb003096</controlfield>
  <controlfield tag="008">051025s1962####ag#a##########000#0#spa#d</controlfield>
  <controlfield tag="005">20130218101350.0</controlfield>
  <datafield tag="245" ind1="0" ind2="4">
   <subfield code="a">Las grandes corrientes del pensamiento matemático /</subfield>
   <subfield code="c">F. Le Lionnais y colaboradores ; [traducida por Néstor Míguez].</subfield>
  </datafield>
  <datafield tag="260" ind1=" " ind2=" ">
   <subfield code="a">[Buenos Aires] :</subfield>
   <subfield code="b">Editorial universitaria de Buenos Aires,</subfield>
   <subfield code="c">1962.</subfield>
  </datafield>
  <datafield tag="300" ind1=" " ind2=" ">
   <subfield code="a">567 p. :</subfield>
   <subfield code="b">il. ;</subfield>
   <subfield code="c">23 cm.</subfield>
  </datafield>
  <datafield tag="490" ind1="0" ind2=" ">
   <subfield code="a">Temas de Eudeba. Matemáticas</subfield>
  </datafield>
  <datafield tag="500" ind1=" " ind2=" ">
   <subfield code="a">Traducción de: Les grands courants de la pensée mathématique. Cahiers du Sud, 1948.</subfield>
  </datafield>
  <datafield tag="510" ind1="4" ind2=" ">
   <subfield code="a">MR,</subfield>
   <subfield code="c">10,230d</subfield>
   <subfield code="3">(de la versión original)</subfield>
  </datafield>
  <datafield tag="700" ind1="1" ind2=" ">
   <subfield code="a">Le Lionnais, François,</subfield>
   <subfield code="d">1901-1984.</subfield>
   <subfield code="4">edt</subfield>
  </datafield>
  <datafield tag="084" ind1=" " ind2=" ">
   <subfield code="a">01A05 (00A05 00A30)</subfield>
   <subfield code="2">msc2000</subfield>
  </datafield>
  <datafield tag="041" ind1="1" ind2=" ">
   <subfield code="a">spa</subfield>
   <subfield code="h">fre</subfield>
  </datafield>
  <datafield tag="859" ind1=" " ind2=" ">
   <subfield code="h">01</subfield>
   <subfield code="i">G752</subfield>
   <subfield code="p">A-2621</subfield>
   <subfield code="b">BIB. MATEMATICA</subfield>
  </datafield>
  <datafield tag="859" ind1=" " ind2=" ">
   <subfield code="h">01</subfield>
   <subfield code="i">G752</subfield>
   <subfield code="p">A-6230</subfield>
   <subfield code="t">Ej. 2</subfield>
   <subfield code="b">BIB. MATEMATICA</subfield>
  </datafield>
 </record>
</collection>
